[Event "BCF-chT3 0203 (4NCL)"]
[Site "West Bromwich"]
[Date "2002.11.09"]
[Round "1.6"]
[White "Whitworth, Philip"]
[Black "Keeling, Geoff"]
[Result "1-0"]
[WhiteElo "1944"]
[BlackElo "2013"]
[PlyCount "61"]
[EventDate "2002.11.??"]
[EventType "team"]
[EventRounds "11"]
[EventCountry "ENG"]
[SourceTitle "EXT 2004"]
[Source "ChessBase"]
[SourceDate "2003.11.25"]
[SourceVersion "1"]
[SourceVersionDate "2003.11.25"]
[SourceQuality "1"]
[WhiteTeam "Numerica 3CS II"]
[BlackTeam "White Rose II"]
[WhiteTeamCountry "ENG"]
[BlackTeamCountry "ENG"]

1. f4 d5 2. Nf3 Bg4 3. e3 Qd6 4. Be2 Bxf3 5. Bxf3 e5 6. fxe5 Qxe5 7. 0-0 Bd6 8. g3 Nf6 9. d4 Qe6 10. c4 c6 11. Nc3 Nbd7 12. cxd5 cxd5 13. e4 dxe4 14. Nxe4 Nxe4 15. Bxe4 Nf6 16. Bxb7 0-0 17. Bxa8 Rxa8 18. Qf3 Rc8 19. Bf4 Bf8 20. Rfe1 Qb6 21. Be5 Ne8 22. Qb3 Qg6 23. Rac1 Rxc1 24. Rxc1 Qe4 25. Rf1 Nf6 26. Qf3 Qxf3 27. Rxf3 Nd5 28. Rb3 f6 29. Bb8 a6 30. Ba7 Kf7 31. Bc5 1-0

[Event "BCF-chT qual (4NCL)"]
[Site "England"]
[Date "2002.06.01"]
[Round "1"]
[White "Whitworth, Philip"]
[Black "Shepley, Julien M"]
[Result "1-0"]
[WhiteElo "1936"]
[BlackElo "2108"]
[PlyCount "69"]
[EventDate "2002.06.??"]
[EventType "team"]
[EventRounds "8"]
[EventCountry "ENG"]
[SourceTitle "EXT 2005"]
[Source "ChessBase"]
[SourceDate "2004.11.15"]
[SourceVersion "1"]
[SourceVersionDate "2004.11.15"]
[SourceQuality "1"]
[WhiteTeam "Numerica 3Cs"]
[BlackTeam "Guildford"]
[WhiteTeamCountry "ENG"]
[BlackTeamCountry "ENG"]

1. f4 d5 2. Nf3 Nf6 3. e3 Bg4 4. b3 e6 5. Bb2 Nbd7 6. h3 Bxf3 7. Qxf3 c6 8. Be2 a5 9. a4 Ne4 10. 0-0 f5 11. d3 Nd6 12. Nd2 Nf6 13. g4 h6 14. Qg3 Qe7 15. Nf3 Rg8 16. g5 Nh5 17. Qh4 g6 18. Ne5 hxg5 19. fxg5 0-0-0 20. Kh2 Qc7 21. Bxh5 gxh5 22. Qf4 Bg7 23. Rab1 h4 24. Rg1 Rh8 25. Ng6 Bxb2 26. Rxb2 Qg7 27. Ne5 Rdg8 28. g6 Rh6 29. Rbb1 Ne8 30. Rg5 Nf6 31. b4 axb4 32. Qxb4 Qc7 33. d4 Rhxg6 34. Rxg6 Rxg6 35. Qf8+ 1-0

[Event "BCF-chT2 0001 (4NCL)"]
[Site "Birmingham"]
[Date "2000.09.23"]
[Round "1.7"]
[White "Whitworth, Philip"]
[Black "Yastrebov, Alexander"]
[Result "0-1"]
[WhiteElo "1944"]
[BlackElo "2165"]
[PlyCount "68"]
[EventDate "2000.11.26"]
[EventType "team"]
[EventRounds "11"]
[EventCountry "ENG"]
[SourceTitle "CBM 079 Extra"]
[Source "ChessBase"]
[SourceDate "2001.01.11"]
[SourceVersion "2"]
[SourceVersionDate "2001.01.25"]
[SourceQuality "1"]
[WhiteTeam "3CS Oldham"]
[BlackTeam "Wood Green II"]
[WhiteTeamCountry "ENG"]
[BlackTeamCountry "ENG"]

1. e4 c5 2. Nc3 Nc6 3. g3 g6 4. Bg2 Bg7 5. d3 e5 6. f4 d6 7. Be3 Nd4 8. Nh3 Ne7 9. 0-0 0-0 10. fxe5 dxe5 11. Nd5 Nxd5 12. exd5 Bxh3 13. Bxh3 Qxd5 14. c3 Nc6 15. Bg2 Qd6 16. Qb3 b6 17. Rad1 Rac8 18. Qa4 Rc7 19. Kh1 f5 20. b4 cxb4 21. d4 Qf6 22. d5 Na5 23. Qxb4 Rd8 24. d6 Rcd7 25. Bxb6 axb6 26. Bd5+ Kh8 27. Qxb6 Nb7 28. Bc6 Rxd6 29. Rxd6 Nxd6 30. a4 e4 31. a5 Nc4 32. Qb5 Qxc3 33. a6 Bd4 34. Qb1 Nd2 0-1

[Event "BCF-chT2 9900 (4NCL)"]
[Site "Birmingham"]
[Date "2000.03.26"]
[Round "8.6"]
[White "Bourne, James"]
[Black "Whitworth, Philip"]
[Result "1-0"]
[WhiteElo "2150"]
[BlackElo "1935"]
[PlyCount "91"]
[EventDate "1999.10.??"]
[EventType "team"]
[EventRounds "11"]
[EventCountry "ENG"]
[SourceTitle "EXT 2001"]
[Source "ChessBase"]
[SourceDate "2000.11.22"]
[SourceVersion "1"]
[SourceVersionDate "2000.11.22"]
[SourceQuality "1"]
[WhiteTeam "BIG II"]
[BlackTeam "Numerica 3CS"]
[WhiteTeamCountry "ENG"]
[BlackTeamCountry "ENG"]

1. d4 f5 2. Nf3 Nf6 3. g3 g6 4. Bg2 Bg7 5. 0-0 0-0 6. c4 d6 7. Nc3 Qe8 8. d5 e5 9. dxe6 Qxe6 10. Nd5 Na6 11. Nd4 Qe8 12. Nxf6+ Rxf6 13. Be3 c6 14. Qc2 Nc5 15. Rad1 Ne4 16. Nf3 Re6 17. Rfe1 Nf6 18. Bf4 d5 19. Nd4 Re7 20. cxd5 Nxd5 21. Bxd5+ cxd5 22. Qb3 Qf7 23. Rd2 Re4 24. Nb5 Be5 25. Bxe5 Rxe5 26. Red1 Be6 27. Qc3 Qg7 28. Nc7 Rf8 29. Nxe6 Rxe6 30. Qxg7+ Kxg7 31. e3 Rb6 32. b3 Rc8 33. Rxd5 Rc2 34. R1d2 Rxd2 35. Rxd2 Kf6 36. Kf1 Ke5 37. Rd7 Ra6 38. Rxh7 Rxa2 39. Rxb7 Ke4 40. Kg2 a5 41. Rb6 g5 42. h4 gxh4 43. gxh4 f4 44. exf4 Kxf4 45. Rb5 Rb2 46. h5 1-0